000 01517nam a22002657a 4500
005 20140507123140.0
010 _aENG-109808
020 _a9788132111351
_c550.00
035 _aEN-93341
037 _bDBAD/PUB
082 _a306.85
245 0 0 _aNurturing families around the world :
_cedited by Catherine Bernard [and] John. J. Shea
_bbuilding a culture of peace /
260 _aNew Delhi
_bSage Publications
_c2014
270 _aB1/I-1 Mohan Cooperative Industrial Area Mathura Road
_bNew Delhi
_e110044
300 _axxxiv,121p.
_c22cm(Hb)
500 _a Includes bibliographical references and index.
505 _a List of figures -- Preface -- Introduction / by Catherine Bernard -- Nurture, key to the security of the 21st century family / Joan Haliburn -- Polishing the jewels of humanity : sharing responsibility for children / Victoria Wyszynski Thoresen -- Children’s emotional well-being in the era of globalization / Sami Timimi -- Intimacy : stabilizing and strengthening family life / Beverly Musgrave -- The power of the individual in building a culture of peace / John J. Shea -- Future of the family and the family of the future : the unity-based family and -- The advent of a civilization of peace / H. B. Danesh -- About the editors and contributors -- Index.
650 _aFamilies.
650 _a Nurturing behavior.
650 _aParenting.
650 _aChildren.
700 _aCatherine Bernard
700 _a Shea ,John. J.
942 _2ddc
_cEN
_mNUR
_h306.85
999 _c83820
_d83820